Statistics for Most Recent Republics

Click here to take the quiz!

General Stats

  • This quiz has been taken 33 times
  • The average score is 3 of 12

Answer Stats

Republic sinceCountry% Correct
2008Nepal
77%
1979Iran
45%
1974Greece
35%
1975Ethiopia
32%
1987Fiji
32%
1975Laos
32%
2007Samoa
29%
1973Afghanistan
19%
1974Malta
13%
1992Mauritius
13%
1972Sri Lanka
13%
1976Trinidad and Tobago
6%

Score Distribution

Percentile by Number Answered

Percent of People with Each Score

Your Score History

You have not taken this quiz